Review of fees for the Lands Tribunal (Record no. 110306)

MARC details
000 -LEADER
fixed length control field 01539cad a22002535a 4500
001 - CONTROL NUMBER
control field L148959
008 - FIXED-LENGTH DATA ELEMENTS--GENERAL INFORMATION
fixed length control field 091207e20091202xxk f f000 0 eng d
035 ## - SYSTEM CONTROL NUMBER
System control number (Sirsi) u148959
041 0# - LANGUAGE CODE
Language code of text/sound track or separate title eng
050 04 - LIBRARY OF CONGRESS CALL NUMBER
Classification number 347.4104 $2 18
110 1# - MAIN ENTRY--CORPORATE NAME
Corporate name or jurisdiction name as entry element United Kingdom
Subordinate unit Ministry of Justice
9 (RLIN) 5477
245 00 - TITLE STATEMENT
Title Review of fees for the Lands Tribunal
Remainder of title (The Lands Chamber of the Upper Tribunal)
Medium [electronic resource]
260 ## - PUBLICATION, DISTRIBUTION, ETC.
Place of publication, distribution, etc. London
Name of publisher, distributor, etc. Ministry of Justice
Date of publication, distribution, etc. 2009
490 #0 - SERIES STATEMENT
Series statement Ministry of Justice Consultation Paper
Volume/sequential designation (CP44/09) 2 December 2009
505 2# - FORMATTED CONTENTS NOTE
Formatted contents note Executive summary -- Introduction -- The proposals -- Background to the proposals -- Fees for lodging an appeal -- Questionnaire -- About you -- Contact details/How to respond -- Consultation Co-ordinator contact details
520 ## - SUMMARY, ETC.
Summary, etc. Seeks views on the government's plans to increase the level of fee income to recover 50% of the tribunal's running costs. Reviews in detail proposed changes to fees and provides as an option an alternative basis for calculating some fees. Tables showing the current and proposed fee levels can be found at Annex A and B.
520 ## - SUMMARY, ETC.
Summary, etc. Deadline for comments is 28 February 2010.
521 1# - TARGET AUDIENCE NOTE
Target audience note Advanced
590 ## - LOCAL NOTE (RLIN)
Local note KA NTK
651 #4 - SUBJECT ADDED ENTRY--GEOGRAPHIC NAME
Geographic name England and Wales
Chronological subdivision 1543-
690 ## - LOCAL SUBJECT ADDED ENTRY--TOPICAL TERM (OCLC, RLIN)
Topical term or geographic name as entry element MANAGEMENT-DISPUTE AVOIDANCE, MANAGEMENT AND RESOLUTION-DISPUTE MANAGEMENT AND RESOLUTION-TRIBUNALS-LANDS TRIBUNAL
856 40 - ELECTRONIC LOCATION AND ACCESS
Uniform Resource Identifier <a href="https://www.justice.gov.uk/latest-updates/lands-tribunal-fees.htm">https://www.justice.gov.uk/latest-updates/lands-tribunal-fees.htm</a>
Public note View the consultation free of charge at www.justice.gov.uk...
942 ## - ADDED ENTRY ELEMENTS (KOHA)
Suppress in OPAC 0
Holdings
Withdrawn status Lost status Source of classification or shelving scheme Damaged status Not for loan Home library Current library Shelving location Date acquired Total Checkouts Full call number Barcode Date last seen Copy number Price effective from Koha item type
    Dewey Decimal Classification     Virtual Virtual Online 07/12/2009   ONLINE PUBLICATION 148959-2001 06/08/2019 1 06/08/2019 Book